000 00697cam a22002533a 4500
001 22215
003 PGUSA
005 20140828083455.0
008 070802s2007||||xxu|||||s|||||000 1 eng d
040 _aPGUSA
_beng
042 _adc
050 4 _aPR
100 1 _aRussell, William Clark,
_d1844-1911
245 1 4 _aThe Frozen Pirate
_h[electronic resource] /
_cWilliam Clark Russell
260 _bProject Gutenberg,
_c2007
506 _aPublic domain in the USA.
516 _aElectronic text
653 _aScience fiction
653 _aPirates -- Fiction
653 _aSea stories
830 0 _aProject Gutenberg
_v22215
856 4 0 _uhttp://www.gutenberg.org/ebooks/22215
942 _cEB
999 _c251470
_d251470